00747nam a2200229Ia 4500003000400000005001700004008004100021020001500062040001800077041000800095082002200103100002200125245010400147250001200251260004400263300002800307650004600335650003000381650003700411650005300448700001600501OSt20241122113823.0210716s2001 xx 000 0 und d a8178084643 cAIMIT LIBRARY aeng a005.136 21bSTEP aStevens, Predita. aUsing uml: bsoftware engineering with objects and components /cBy Perdita Stevens and Rob Pooley. a1st ed. aNew Delhi :bPearson Education ;c2001. axix,256p. ;bPBc24 cm. aEssentials of state and activity diagrams aDiscrete event simulation aClass diagram of games framework aCollaboration diagram of the dining philosophers aPooley Rob.